A concise economic history of Britain : (Record no. 42991)
[ view plain ]
| 000 -LEADER | |
|---|---|
| fixed length control field | 00693nam a2200217 a 4500 |
| 001 - CONTROL NUMBER | |
| control field | 42991 |
| 003 - CONTROL NUMBER IDENTIFIER | |
| rucl marc code | BD-RjUL |
| 005 - DATE AND TIME OF LATEST TRANSACTION | |
| control field | 20211209053628.0 |
| 008 - FIXED-LENGTH DATA ELEMENTS--GENERAL INFORMATION | |
| fixed length control field | 160618r19651954enk 001 0 eng d |
| 035 ## - SYSTEM CONTROL NUMBER | |
| System control number | (BD-RjUL)43109 |
| 040 ## - CATALOGING SOURCE | |
| Original cataloging agency | BD-RjUL |
| Language of cataloging | eng |
| Transcribing agency | BD-RjUL |
| Modifying agency | BD-RjUL |
| 041 ## - LANGUAGE CODE | |
| Language code of text/sound track or separate title | eng |
| 082 ## - DEWEY DECIMAL CLASSIFICATION NUMBER | |
| Edition number | 23 |
| Classification number | 330.941 |
| Author mark and year | COC 1954 |
| 100 1# - MAIN ENTRY--PERSONAL NAME | |
| Personal name | Court, W. H. B. |
| 9 (RLIN) | 132006 |
| 245 12 - TITLE STATEMENT | |
| Title | A concise economic history of Britain : |
| Remainder of title | from 1750 to recent times / |
| Statement of responsibility, etc. | by W. H. B. Court. |
| 260 ## - PUBLICATION, DISTRIBUTION, ETC. (IMPRINT) | |
| Place of publication, distribution, etc. | Cambridge : |
| Name of publisher, distributor, etc. | Cambridge University Press, |
| Date of publication, distribution, etc. | 1954 [rep.1965] |
| 300 ## - PHYSICAL DESCRIPTION | |
| Pagination | vii, 368 p. ; |
| Size | 20 cm. |
| 504 ## - BIBLIOGRAPHY, ETC. NOTE | |
| Bibliography, etc | Includes index. |
| 651 #0 - SUBJECT ADDED ENTRY--GEOGRAPHIC NAME | |
| Geographic name | Great Britain |
| General subdivision | Economic conditions |
| -- | History. |
| 9 (RLIN) | 132020 |
| 942 ## - ADDED ENTRY ELEMENTS (KOHA) | |
| Source of classification or shelving scheme | Dewey Decimal Classification |
| Koha item type | Books |
| Lost status | Source of classification or shelving scheme | Damaged status | Not for loan | Collection code | Permanent Location | Current Location | Shelving location | Date acquired | Total Checkouts | Full call number | Date last seen | Copy number | Koha item type | Source of acquisition |
|---|---|---|---|---|---|---|---|---|---|---|---|---|---|---|
| Dewey Decimal Classification | Non-fiction | Central Library, University of Rajshahi | Central Library, University of Rajshahi | 18/06/2016 | 330.941 COC 1965 | 18/06/2016 | C-2 | Books | ||||||
| Dewey Decimal Classification | Non-fiction | Central Library, University of Rajshahi | Central Library, University of Rajshahi | 04/06/1956 | 330.941 COC 1954 | 25/06/2016 | C-3 | Books | B st. blackwell |